000 00315nam a22001337a 4500
008 171025b xxu||||| |||| 00| 0 eng d
020 _a9780071540063
041 _aeng
080 _27 ED
_a311
100 _a55
101 _aSTA
245 _aINTERNATIONAL BUSSINESS STATISTICS
_cMCCULLOCH.B
942 _2udc
_cBK
999 _c35868
_d35868